000 01507cam a22003257a 4500
001 15510469
003 ARRUPE
005 20140213020009.0
008 081104s2008 enk b 001 0 eng d
010 _a 2008277825
020 _a9780232526165 (pbk.)
020 _a0232526168 (pbk.)
035 _a(OCoLC)ocn227019167
040 _aBTCTA
_cBTCTA
_dBWK
_dGZN
_dCDX
_dDLC
042 _alccopycat
050 0 0 _aBT695.5
_b.D367 2008
100 1 _aDeane-Drummond, Celia.
_93029
245 1 0 _aEco-theology /
_cCelia Deane-Drummond.
260 _aLondon :
_bDarton, Longman and Todd,
_c2008.
300 _axv, 240 p. ;
_c24 cm.
504 _aIncludes bibliographical references and index.
505 0 _aTrends in ecology and environment -- Economics and environmental justice -- Eco-theology from the north -- Eco-theology from the south -- Eco-theology from the east -- Eco-theology from the west -- Biblical eco-theology -- Ecology and christology -- Ecology and theodicy -- Ecology and spirit -- Eco-feminist theology -- Eco-eschatology -- Postscript: Toward theological eco-praxis.
650 0 _aEcotheology.
_93030
650 0 _aEcology
_xReligious aspects
_xChristianity.
_93031
650 0 _aEnvironmentalism
_xReligious aspects
_xChristianity.
_93032
856 4 1 _3Table of contents only
_uhttp://www.loc.gov/catdir/toc/fy0904/2008277825.html
906 _a7
_bcbc
_ccopycat
_d2
_encip
_f20
_gy-gencatlg
942 _2lcc
_cMONOGRAPH
_04
999 _c118469
_d118469